000 00915nam a2200253 i 4500
001 bg
245 1 0 _aBotanika leśna :
_bmateriały pomocnicze do ćwiczeń
_n2 /
_coprac. zespół Leokadia Witkowska-Żuk [et al.].
260 _aWarszawa :
_bKatedra Botaniki Leśnej SGGW [Szkoły Głównej Gospodarstwa Wiejskiego],
_c2003.
300 _a131 s. :
_brys. ;
_c30 cm.
501 _aOpis wg okł.
504 _aBibliogr. przy rozdz.
650 9 _aRośliny leśne
655 _aĆwiczenia i zadania dla szkół wyższych
700 1 _aWitkowska-Żuk, Leokadia
020 _a8372440077
040 _cBPK
041 0 _apol
044 _aPOL
080 _a630.16(075.8)
920 _a83-7244-007-7 (cz. 2)
942 _cKS
008 s pl f |000 0 pol
999 _c54725
_d54725
856 _uhttp://koha.tu.koszalin.pl/cgi-bin/koha/opac-detail.pl?biblionumber=54725
_yKatalog online BPK